[Event "ROM-ch (Women)"]
[Site "Eforie Nord"]
[Date "2024.02.25"]
[Round "2"]
[White "Obada, Ema"]
[Black "Schiopu, Oana Magdalena"]
[Result "1-0"]
[WhiteElo "1969"]
[BlackElo "1750"]
[PlyCount "71"]
[EventDate "2024.02.24"]
[EventType "swiss"]
[EventRounds "9"]
[EventCountry "ROU"]
[SourceTitle "CB10_2024"]
[SourceDate "2024.03.06"]
[SourceVersion "1"]
[SourceVersionDate "2024.03.06"]
[SourceQuality "1"]

1. e4 c5 2. Nf3 d6 3. d4 cxd4 4. Nxd4 Nf6 5. Nc3 a6 6. f3 h5 7. Be3 e5 8. Nb3 Be6 9. Nd5 Nxd5 10. exd5 Bf5 11. Bd3 Bxd3 12. Qxd3 Nd7 13. c4 Rc8 14. 0-0 g5 15. Rac1 Be7 16. Nd2 a5 17. Nb1 b6 18. Nc3 Nc5 19. Qc2 Qd7 20. a3 Bd8 21. b4 axb4 22. axb4 Na6 23. Qb3 f5 24. Ra1 Nb8 25. Nb5 f4 26. Ra7 Bc7 27. Bf2 g4 28. Rfa1 Rg8 29. Nxc7+ Rxc7 30. Bxb6 gxf3 31. Qxf3 Rxa7 32. Bxa7 Qb7 33. Qxh5+ Kd8 34. Bxb8 Qxb8 35. Qf7 Rg4 36. Ra7 1-0

[Event "ROM-ch U16 Girls"]
[Site "Eforie Nord"]
[Date "2022.04.16"]
[Round "7"]
[White "Schiopu, Oana Magdalena"]
[Black "Salajan, Stefania"]
[Result "1/2-1/2"]
[WhiteElo "1595"]
[BlackElo "1724"]
[PlyCount "83"]
[EventDate "2022.04.11"]
[EventType "swiss"]
[EventRounds "9"]
[EventCountry "ROU"]
[SourceTitle "EXT 2023"]
[Source "ChessBase"]
[SourceDate "2022.10.05"]
[SourceVersion "1"]
[SourceVersionDate "2022.10.05"]
[SourceQuality "1"]

1. e4 c5 2. d3 Nc6 3. g3 g6 4. Bg2 Bg7 5. f4 d6 6. c3 e6 7. Nf3 Nge7 8. 0-0 0-0 9. Be3 b6 10. Na3 Bb7 11. Bf2 e5 12. Nc4 Qc7 13. fxe5 dxe5 14. Be3 Rad8 15. Qe2 h6 16. a3 Nc8 17. b4 cxb4 18. axb4 Nd6 19. Nxd6 Qxd6 20. Rad1 Ba6 21. Ne1 Qe6 22. Ra1 Bb7 23. b5 Na5 24. c4 Qd7 25. Ra3 Rfe8 26. Qf2 Re7 27. Bxb6 axb6 28. Qxb6 Nxc4 29. dxc4 Re6 30. Qe3 Bf8 31. Rd3 Rd6 32. Rxd6 Qxd6 33. Kh1 Qc5 34. Qb3 Qb4 35. Qxb4 Bxb4 36. Nc2 Bc5 37. Rc1 Rd2 38. Ne1 f6 39. Nf3 Re2 40. Ng1 Rd2 41. Rf1 Kg7 42. Rc1 1/2-1/2

[Event "ROM-ch U16 Girls"]
[Site "Eforie Nord"]
[Date "2022.04.13"]
[Round "4"]
[White "Spiridon, Anisia"]
[Black "Schiopu, Oana Magdalena"]
[Result "0-1"]
[WhiteElo "1548"]
[BlackElo "1595"]
[PlyCount "76"]
[EventDate "2022.04.11"]
[EventType "swiss"]
[EventRounds "9"]
[EventCountry "ROU"]
[SourceTitle "EXT 2023"]
[Source "ChessBase"]
[SourceDate "2022.10.05"]
[SourceVersion "1"]
[SourceVersionDate "2022.10.05"]
[SourceQuality "1"]

1. d4 Nf6 2. Bg5 d5 3. Nd2 Bf5 4. e3 e6 5. Bd3 Bxd3 6. cxd3 Be7 7. Ngf3 Nc6 8. Ne5 Nxe5 9. dxe5 Nd7 10. Bxe7 Qxe7 11. d4 Nb6 12. Rc1 0-0 13. 0-0 Rac8 14. f4 f5 15. Qc2 Kh8 16. b3 Rg8 17. Nf3 h6 18. h4 Nd7 19. Kf2 c5 20. Qd3 Nb6 21. Qb1 c4 22. bxc4 dxc4 23. e4 Rgf8 24. g3 fxe4 25. Qxe4 Nd5 26. Rh1 Rf5 27. h5 Qa3 28. Nh4 Rxh5 29. Rc2 Rxh4 30. Rxh4 c3 31. Qh1 Kg8 32. Qh3 Rc6 33. Rg4 Qa4 34. Re2 Qxd4+ 35. Kg2 Ne3+ 36. Rxe3 Qxe3 37. Qxh6 Qe2+ 38. Kh3 Qxg4+ 0-1

[Event "KAZ-ROU Youth Friendly"]
[Site "Tornelo INT"]
[Date "2020.11.06"]
[Round "1.8"]
[White "Schiopu, Oana Magdalena"]
[Black "Kaldarova, Ayaulym"]
[Result "1-0"]
[WhiteElo "1601"]
[BlackElo "1592"]
[PlyCount "79"]
[EventDate "2020.11.06"]
[EventType "team-match (rapid)"]
[EventRounds "2"]
[EventCountry "KAZ"]
[SourceTitle "CBM 199 Extra"]
[Source "ChessBase"]
[SourceDate "2021.01.31"]
[SourceVersion "1"]
[SourceVersionDate "2021.01.31"]
[SourceQuality "1"]
[WhiteTeam "Romania"]
[BlackTeam "Kazakhstan"]
[WhiteTeamCountry "ROU"]
[BlackTeamCountry "KAZ"]

1. e4 e6 2. d4 d5 3. Nc3 Bb4 4. e5 c5 5. Nf3 Ne7 6. a3 Bxc3+ 7. bxc3 b6 8. Bg5 Ba6 9. Bxa6 Nxa6 10. 0-0 0-0 11. Nh4 h6 12. Be3 Qd7 13. f4 Nf5 14. Nxf5 exf5 15. Qe2 c4 16. Kh1 b5 17. Rg1 Nc7 18. Raf1 Kh7 19. g4 g6 20. Bf2 a5 21. Bh4 Rab8 22. Qf3 b4 23. cxb4 axb4 24. axb4 Rxb4 25. gxf5 Qxf5 26. Be7 Rfb8 27. Bxb4 Rxb4 28. c3 Rb3 29. Rc1 h5 30. Rg5 Qe4 31. Qxe4 dxe4 32. Rg3 Nd5 33. Kg1 Nxf4 34. Re3 Rb2 35. Rf1 g5 36. Rxe4 Rc2 37. Re3 Kg6 38. Kh1 Nd5 39. Ref3 Nf4 40. h4 1-0

[Event "Wch U12 Girls"]
[Site "Santiago de Compostela"]
[Date "2018.11.13"]
[Round "9"]
[White "Schiopu, Oana Magdalena"]
[Black "Bravo Mallco, Kate Azumi"]
[Result "1-0"]
[WhiteElo "1526"]
[BlackElo "1698"]
[PlyCount "93"]
[EventDate "2018.11.04"]
[EventType "swiss"]
[EventRounds "11"]
[EventCountry "ESP"]
[SourceTitle "EXT 2022"]
[Source "ChessBase"]
[SourceDate "2021.10.06"]
[SourceVersion "1"]
[SourceVersionDate "2021.10.06"]
[SourceQuality "1"]

1. e4 c5 2. Nc3 Nc6 3. Bb5 Nd4 4. Bc4 g6 5. Nge2 Bg7 6. Nxd4 cxd4 7. Qf3 Nh6 8. Ne2 0-0 9. 0-0 d6 10. Qg3 Ng4 11. d3 Ne5 12. Bb3 a5 13. a4 Nc6 14. f4 e6 15. f5 d5 16. exd5 exd5 17. fxg6 hxg6 18. Nf4 Ne7 19. Bd2 b6 20. Rae1 Bb7 21. Nh5 gxh5 22. Bg5 f6 23. Bh6 Rf7 24. Rxf6 Qf8 25. Rxf7 Qxf7 26. Qxg7+ Qxg7 27. Bxg7 Nf5 28. Bf6 Kf7 29. Bg5 Rg8 30. h4 Re8 31. Rxe8 Kxe8 32. Kf2 Kd7 33. Kf3 Kd6 34. g4 hxg4+ 35. Kxg4 Bc8 36. Bf4+ Kc5 37. Kg5 b5 38. axb5 Ne3 39. h5 Bf5 40. b6 Kxb6 41. Bxd5 Kc5 42. Be4 Be6 43. h6 Bg8 44. c3 Nd1 45. cxd4+ Kxd4 46. Kf6 Nxb2 47. Be5+ 1-0

[Event "EU-ch U12 Girls 27th"]
[Site "Mamaia"]
[Date "2017.09.08"]
[Round "4"]
[White "Schiopu, Oana Magdalena"]
[Black "Bevanda, Ema"]
[Result "1-0"]
[WhiteElo "1299"]
[BlackElo "1595"]
[PlyCount "141"]
[EventDate "2017.09.05"]
[EventType "swiss"]
[EventRounds "9"]
[EventCountry "ROU"]
[SourceTitle "CBM 180 Extra"]
[Source "ChessBase"]
[SourceDate "2017.10.06"]
[SourceVersion "1"]
[SourceVersionDate "2017.10.06"]
[SourceQuality "1"]

1. e4 c5 2. Nf3 e6 3. c3 a6 4. d4 cxd4 5. cxd4 Qc7 6. Be3 b5 7. Nbd2 d6 8. Rc1 Qd7 9. Qc2 Bb7 10. Bd3 Nc6 11. Nf1 Nb4 12. Qb1 Nxd3+ 13. Qxd3 Nf6 14. Ng3 Be7 15. 0-0 0-0 16. Qb1 Rac8 17. Ng5 h6 18. Nf3 Bc6 19. Rfe1 Qb7 20. Bf4 Rfd8 21. Re2 Rd7 22. Rce1 b4 23. Qd1 a5 24. Qb3 Rdc7 25. h3 Bb5 26. Rd2 Rc4 27. Qe3 Nh7 28. Bxh6 gxh6 29. Qxh6 Bf8 30. Qh5 Qd7 31. Ng5 f6 32. Nxh7 Qxh7 33. Qxb5 Bh6 34. Rdd1 Qa7 35. Qh5 Qg7 36. d5 R4c5 37. Re2 Bf4 38. Qf3 Bxg3 39. Qxg3 Qxg3 40. fxg3 e5 41. Rf2 Kg7 42. Rdf1 Rf8 43. g4 Rc4 44. g5 Rxe4 45. gxf6+ Kg6 46. g4 Rd4 47. Rf5 Rxd5 48. Kg2 Rd2+ 49. Kg3 Rxb2 50. Kh4 Rxa2 51. Rg5+ Kf7 52. Rg7+ Ke6 53. g5 Rh8+ 54. Kg4 Rg2+ 55. Kf3 Rh2 56. Re7+ Kd5 57. Rd1+ Kc6 58. f7 R8xh3+ 59. Kg4 Rh4+ 60. Kf5 Rf4+ 61. Kg6 Rf6+ 62. Kxf6 Rf2+ 63. Kg6 b3 64. Re6 b2 65. Rexd6+ Kb5 66. Rd8 Ka4 67. f8Q Rxf8 68. Rxf8 Ka3 69. Rb8 e4 70. Rd2 e3 71. Rdxb2 1-0

[Event "ROM-ch U10 Girls"]
[Site "Calimanesti Caciulata"]
[Date "2016.04.21"]
[Round "4"]
[White "Schiopu, Oana Magdalena"]
[Black "Spiridon, Anisia"]
[Result "0-1"]
[WhiteElo "1420"]
[BlackElo "1477"]
[PlyCount "120"]
[EventDate "2016.04.18"]
[EventType "swiss"]
[EventRounds "9"]
[EventCountry "ROU"]
[SourceTitle "CBM 172 Extra"]
[Source "ChessBase"]
[SourceDate "2016.06.21"]
[SourceVersion "1"]
[SourceVersionDate "2016.06.21"]
[SourceQuality "1"]

1. e4 e6 2. d4 d5 3. e5 c5 4. Be3 Qb6 5. dxc5 Bxc5 6. Bxc5 Qxc5 7. Nc3 Nc6 8. Bb5 Bd7 9. Bxc6 Bxc6 10. Nge2 Ne7 11. 0-0 Ng6 12. Re1 Nxe5 13. Nd4 Qd6 14. Qh5 Ng6 15. Nf5 Qf8 16. Rad1 Rd8 17. Nd4 Qe7 18. Nf5 Qf6 19. Nd4 0-0 20. Re3 Be8 21. Rh3 h6 22. Rg3 Qe5 23. Qh3 Qf6 24. Rg4 e5 25. Nde2 Bd7 26. Nxd5 Qd6 27. Rxg6 fxg6 28. Qb3 Be6 29. Qxb7 Bxd5 30. Qxa7 Qc6 31. Qa5 Qxc2 32. Qe1 Bxa2 33. Rxd8 Rxd8 34. Nc3 Qxb2 35. h3 Qd2 36. Qxe5 Qd6 37. Qa5 Bc4 38. Ne4 Qd5 39. Qxd5+ Rxd5 40. Kh2 Kf7 41. f3 Bd3 42. Nf2 Kf6 43. Ng4+ Kg5 44. Ne3 Re5 45. h4+ Kf4 46. Ng4 Re2 47. Kh3 h5 48. Nh2 Bf5+ 49. g4 hxg4+ 50. fxg4 Re3+ 51. Kg2 Bxg4 52. Kf2 Re2+ 53. Kg1 Kg3 54. Nf1+ Kh3 55. Nh2 Rxh2 56. Kf1 Ra2 57. Ke1 Kg3 58. Kf1 Bh5 59. Ke1 Kf3 60. Kf1 Ra1# 0-1

[Event "ROM-ch U10 Girls"]
[Site "Calimanesti Caciulata"]
[Date "2016.04.18"]
[Round "1"]
[White "Albota, Carolina Ana"]
[Black "Schiopu, Oana Magdalena"]
[Result "0-1"]
[WhiteElo "1082"]
[BlackElo "1420"]
[PlyCount "96"]
[EventDate "2016.04.18"]
[EventType "swiss"]
[EventRounds "9"]
[EventCountry "ROU"]
[SourceTitle "CBM 172 Extra"]
[Source "ChessBase"]
[SourceDate "2016.06.21"]
[SourceVersion "1"]
[SourceVersionDate "2016.06.21"]
[SourceQuality "1"]

1. e4 c5 2. Nc3 d6 3. f4 e6 4. Nf3 Be7 5. d4 cxd4 6. Qxd4 Bf6 7. e5 dxe5 8. Qxd8+ Bxd8 9. fxe5 Ne7 10. Bg5 0-0 11. Bxe7 Bxe7 12. 0-0-0 Nc6 13. Bc4 a6 14. h4 b5 15. Bb3 Rd8 16. g4 Bb7 17. Rxd8+ Rxd8 18. Rd1 Rxd1+ 19. Kxd1 Na5 20. Ke2 b4 21. Na4 Bxf3+ 22. Kxf3 Bxh4 23. Nc5 Nxb3 24. Nxb3 f6 25. exf6 Bxf6 26. Nc5 Bxb2 27. Nxe6 a5 28. Nc5 Bd4 29. Nb3 Bb6 30. c4 bxc3 31. Ke2 Kf7 32. Kd3 Kg6 33. Kxc3 Kg5 34. a4 Kxg4 35. Kc4 h5 36. Kb5 Bd8 37. Nxa5 Bxa5 38. Kxa5 h4 39. Kb6 h3 40. a5 h2 41. a6 h1Q 42. a7 Kf5 43. Kc7 Qa8 44. Kb6 Ke6 45. Ka6 Kd6 46. Kb6 Qc6+ 47. Ka5 Kc5 48. a8Q Qb5# 0-1

[Event "ROM-ch U10 Girls"]
[Site "Calimanesti"]
[Date "2015.04.04"]
[Round "7"]
[White "Schiopu, Oana Magdalena"]
[Black "Hejja, Irisz Hanna"]
[Result "1/2-1/2"]
[WhiteElo "1357"]
[BlackElo "1538"]
[PlyCount "85"]
[EventDate "2015.03.30"]
[EventType "swiss"]
[EventRounds "9"]
[EventCountry "ROU"]
[SourceTitle "CBM 165 Extra"]
[Source "ChessBase"]
[SourceDate "2015.04.21"]
[SourceVersion "1"]
[SourceVersionDate "2015.04.21"]
[SourceQuality "1"]

1. e4 d5 2. exd5 Qxd5 3. Nc3 Qd6 4. Bc4 c6 5. Nf3 Nf6 6. d3 Bg4 7. h3 Bh5 8. Be3 Nbd7 9. Qd2 e6 10. 0-0-0 Bxf3 11. gxf3 Qc7 12. Ne4 Nd5 13. Bxd5 exd5 14. Nc3 Bd6 15. Rde1 0-0-0 16. a3 Kb8 17. Kb1 Ne5 18. Qe2 Ng6 19. Qd2 Rde8 20. d4 Nh4 21. Na4 Nxf3 22. Qc1 Nxe1 23. Rxe1 Re7 24. Nc5 Rhe8 25. Ka2 Ka8 26. Rg1 f6 27. h4 Bxc5 28. dxc5 Re4 29. Rh1 Kb8 30. h5 h6 31. Rg1 Qf7 32. Bf4+ Kc8 33. f3 d4+ 34. Ka1 R4e6 35. Qd2 Re2 36. Qa5 a6 37. Rc1 R2e7 38. Bd6 Rc7 39. Bxc7 Qxc7 40. Qb4 Rd8 41. Rd1 Qe5 42. Re1 Qc7 43. Qb3 1/2-1/2

[Event "ROM-ch U10 Girls"]
[Site "Calimanesti"]
[Date "2015.04.02"]
[Round "4"]
[White "Schiopu, Oana Magdalena"]
[Black "Popa, Andra Maria"]
[Result "1-0"]
[WhiteElo "1357"]
[BlackElo "1286"]
[PlyCount "71"]
[EventDate "2015.03.30"]
[EventType "swiss"]
[EventRounds "9"]
[EventCountry "ROU"]
[SourceTitle "CBM 165 Extra"]
[Source "ChessBase"]
[SourceDate "2015.04.21"]
[SourceVersion "1"]
[SourceVersionDate "2015.04.21"]
[SourceQuality "1"]

1. e4 d5 2. exd5 Nf6 3. Nc3 Nxd5 4. Bc4 Nxc3 5. bxc3 Nc6 6. Nf3 e5 7. 0-0 Bd6 8. h3 0-0 9. Re1 Re8 10. d4 exd4 11. Rxe8+ Qxe8 12. Ng5 Ne5 13. Bb3 h6 14. Ne4 Qc6 15. Nxd6 Qxd6 16. cxd4 Ng6 17. Qf3 Qe7 18. Ba3 Qf6 19. Qe4 Qd8 20. Re1 Be6 21. Bxe6 fxe6 22. Qxg6 Qe8 23. Qxe6+ Qxe6 24. Rxe6 Rd8 25. c3 Rd7 26. Re7 Rd5 27. Rxc7 Ra5 28. Bb4 Rxa2 29. Rxb7 Ra1+ 30. Kh2 Ra2 31. d5 Rd2 32. d6 Kf8 33. d7+ Kg8 34. Rb8+ Kh7 35. d8Q Rxd8 36. Rxd8 1-0

[Event "ROM-ch U08 Girls"]
[Site "Calimanesti"]
[Date "2014.04.11"]
[Round "7"]
[White "Angheluta, Diana"]
[Black "Schiopu, Oana Magdalena"]
[Result "0-1"]
[WhiteElo "1155"]
[BlackElo "1140"]
[PlyCount "45"]
[EventDate "2014.04.06"]
[EventType "swiss"]
[EventRounds "9"]
[EventCountry "ROU"]
[SourceTitle "CBM 160 Extra"]
[Source "ChessBase"]
[SourceDate "2014.07.01"]
[SourceVersion "1"]
[SourceVersionDate "2014.07.01"]
[SourceQuality "1"]

1. c4 e6 2. Nc3 d5 3. cxd5 exd5 4. e3 Be7 5. Nge2 Bg4 6. g3 Nf6 7. Bg2 0-0 8. 0-0 Nc6 9. d4 Qd7 10. Bd2 Bh3 11. Nf4 Bg4 12. Qb3 Na5 13. Qc2 c6 14. Ncxd5 Nxd5 15. Bxd5 Rac8 16. Bc3 b5 17. Qd2 cxd5 18. b3 b4 19. Bb2 Bf5 20. Rac1 Rxc1 21. Rxc1 Nc4 22. Qe2 Bd6 23. Nxd5 0-1